000 00458nam a2200169 i 4500
001 36000
003 ES-MaACL
005 20230906155253.0
007 t|
008 030214s1913 fr ||||1| fre d
100 1 _aBourdon, Georges.
_930970
245 1 3 _aL' enigme Allemande /
_cGeorges Bourdon.
260 _aParís :
_bPlon-Nourrit,
_c1913.
300 _a479 p. ;
_c19 cm.
650 0 4 _aOpinión pública-
_zAlemania.
_915721
852 _aES-MaACL
_jD-4662
999 _c36000
_d36000